| 000 | 00508nam a2200157Ia 4500 | ||
|---|---|---|---|
| 008 | 230907s9999||||xx |||||||||||||| ||und|| | ||
| 082 |
_a620.115 _bMUN |
||
| 100 |
_aMuneeza Ahmad (00000204316) _9116787 |
||
| 245 | 0 | _aSynthesis and Characterization of Wide Bandgap Absorber Layer for Stable Perovskite Solar Cells / | |
| 260 |
_aUSPCAS-E, NUST, _bIslamabad : _c2021 |
||
| 300 | _a97 p. | ||
| 520 | _aTH-242 | ||
| 650 | _aMS-ESE Thesis MS Thesis | ||
| 700 |
_aDr Nadia Shahzad _9117122 |
||
| 942 |
_cTHE _2ddc |
||
| 999 |
_c602131 _d602131 |
||